Overcoming learning disabilities / (Record no. 22295)
[ view plain ]
| 000 -LEADER | |
|---|---|
| fixed length control field | 01134cam a22003135a 4500 |
| 001 - CONTROL NUMBER | |
| control field | 017397438 |
| 003 - CONTROL NUMBER IDENTIFIER | |
| control field | OSt |
| 005 - DATE AND TIME OF LATEST TRANSACTION | |
| control field | 20160904145714.0 |
| 008 - FIXED-LENGTH DATA ELEMENTS--GENERAL INFORMATION | |
| fixed length control field | 150610s2015 enka frb 001 0 eng d |
| 020 ## - INTERNATIONAL STANDARD BOOK NUMBER | |
| International Standard Book Number | 9781107531659 (pbk.) |
| 040 ## - CATALOGING SOURCE | |
| Original cataloging agency | StDuBDS |
| Language of cataloging | eng |
| Transcribing agency | StDuBDS |
| Modifying agency | EG-ScBUE |
| 041 1# - LANGUAGE CODE | |
| Language code of text/sound track or separate title | eng |
| Language code of original and/or intermediate translations of text | rus |
| 082 04 - DEWEY DECIMAL CLASSIFICATION NUMBER | |
| Classification number | 616.85889 |
| Edition number | 22 |
| Item number | AKH |
| 100 1# - MAIN ENTRY--PERSONAL NAME | |
| Personal name | Akhutina, T. V. |
| Fuller form of name | (Tatʹi︠a︡na Vasilʹevna) |
| 245 10 - TITLE STATEMENT | |
| Title | Overcoming learning disabilities / |
| Statement of responsibility, etc | Tatiana V. Akhutina, Natalia M. Pylaeva ; translated by Julia Linkova. |
| 250 ## - EDITION STATEMENT | |
| Edition statement | 1st paperback ed. |
| 260 ## - PUBLICATION, DISTRIBUTION, ETC. (IMPRINT) | |
| Place of publication, distribution, etc | Cambridge : |
| Name of publisher, distributor, etc | Cambridge University Press, |
| Date of publication, distribution, etc | 2015. |
| 300 ## - PHYSICAL DESCRIPTION | |
| Extent | xii, 305 p. : |
| Other physical details | ill. ; |
| Dimensions | 23 cm. |
| 500 ## - GENERAL NOTE | |
| General note | Translated from the Russian. |
| 500 ## - GENERAL NOTE | |
| General note | Index : p. 299-305. |
| 504 ## - BIBLIOGRAPHY, ETC. NOTE | |
| Bibliography, etc | Bibliography : p. 275-296. |
| 546 ## - LANGUAGE NOTE | |
| Language note | Text in English ; translated from original Russian. |
| 650 #7 - SUBJECT ADDED ENTRY--TOPICAL TERM | |
| Topical term or geographic name as entry element | Learning disabilities |
| General subdivision | Treatment. |
| Source of heading or term | BUEsh |
| 9 (RLIN) | 41009 |
| 650 #0 - SUBJECT ADDED ENTRY--TOPICAL TERM | |
| Topical term or geographic name as entry element | People with mental disabilities |
| General subdivision | Rehabilitation. |
| Source of heading or term | BUEsh |
| 653 ## - INDEX TERM--UNCONTROLLED | |
| Resource For college | Humanities: English |
| Arrived date list | September2016 |
| 700 1# - ADDED ENTRY--PERSONAL NAME | |
| Personal name | Pylaeva, N. |
| Fuller form of name | (Natalia M.), |
| Dates associated with a name | 1948- |
| 700 1# - ADDED ENTRY--PERSONAL NAME | |
| Personal name | Linkova, Julia, |
| Relator term | translator. |
| 942 ## - ADDED ENTRY ELEMENTS (KOHA) | |
| Source of classification or shelving scheme | Dewey Decimal Classification |
| Withdrawn status | Item status | Source of classification or shelving scheme | Damaged status | Not for loan | Vendor | Home library | Current library | Shelving location | Date acquired | Source of acquisition | Cost, normal purchase price | Serial Enumeration / chronology | Total Checkouts | Full call number | Barcode | Date last seen | Date last borrowed | Cost, replacement price | Koha item type |
|---|---|---|---|---|---|---|---|---|---|---|---|---|---|---|---|---|---|---|---|
| Dewey Decimal Classification | Baccah | Central Library | Central Library | First floor | 04/09/2016 | Purchase | 323.00 | 26103 | 1 | 616.85889 AKH | 000033526 | 15/07/2025 | 10/12/2023 | 404.00 | Book - Borrowing |